The key to the problem (Record no. 76630)

MARC details
000 -LEADER
fixed length control field 01511cab a2200277 4500
001 - CONTROL NUMBER
control field ##L132787
008 - FIXED-LENGTH DATA ELEMENTS--GENERAL INFORMATION
fixed length control field 060308n2006 000 0 eng u
035 ## - SYSTEM CONTROL NUMBER
System control number (Sirsi) u132787
041 0# - LANGUAGE CODE
Language code of text/sound track or separate title eng
100 1# - MAIN ENTRY--PERSONAL NAME
Personal name Boyne, Matthew
245 04 - TITLE STATEMENT
Title The key to the problem
260 ## - PUBLICATION, DISTRIBUTION, ETC.
Date of publication, distribution, etc. 2006
490 #0 - SERIES STATEMENT
Series statement Estates Gazette
Volume/sequential designation (0608) 25 February 2006, 170-171(2)
520 ## - SUMMARY, ETC.
Summary, etc. Explains why the underused statutory ground (d) of the Landlord and Tenant Act 1954 S30(1) can be an effective tool for landlords seeking to regain possession of business premises protected by the Act. Considers what ground (d) is, what it is suited to and not suited to and lists the ground's pros and cons. Concludes that where the offer of alternative premises can easily be made, the landlord could have much to gain by making a ground (d) offer at the same time as serving a s25 notice or a s26 counternotice.
590 ## - LOCAL NOTE (RLIN)
Local note IKA140306
650 24 - SUBJECT ADDED ENTRY--TOPICAL TERM
Topical term or geographic name entry element LANDLORD AND TENANT ACT 1954 S23
650 24 - SUBJECT ADDED ENTRY--TOPICAL TERM
Topical term or geographic name entry element LANDLORD AND TENANT ACT 1954 S30(1) GROUND (D)
650 24 - SUBJECT ADDED ENTRY--TOPICAL TERM
Topical term or geographic name entry element LANDLORD AND TENANT ACT 1954 S30(1) GROUND (F)
650 24 - SUBJECT ADDED ENTRY--TOPICAL TERM
Topical term or geographic name entry element KNOLLYS HOUSE LTD v SAYER
650 24 - SUBJECT ADDED ENTRY--TOPICAL TERM
Topical term or geographic name entry element M CHAPLIN LTD V REGENT CAPITAL HOLDINGS LTD
650 24 - SUBJECT ADDED ENTRY--TOPICAL TERM
Topical term or geographic name entry element O'MAY V CITY OF LONDON REAL PROPERTY COMPANY LTD
650 24 - SUBJECT ADDED ENTRY--TOPICAL TERM
Topical term or geographic name entry element BETTY'S CAFES LTD V PHILLIPS FURNISHING STORES LTD (NO 1)
650 ## - SUBJECT ADDED ENTRY--TOPICAL TERM
Topical term or geographic name entry element LANDLORD AND TENANT ACT 1927 S18(1)
690 ## - LOCAL SUBJECT ADDED ENTRY--TOPICAL TERM (OCLC, RLIN)
Topical term or geographic name as entry element PROPERTY-COMMERCIAL PROPERTY-LEASEHOLD COMMERCIAL PROPERTY-COMMERCIAL LANDLORD AND TENANT-COMMERCIAL LEASES
942 ## - ADDED ENTRY ELEMENTS (KOHA)
Suppress in OPAC 0
Holdings
Withdrawn status Lost status Source of classification or shelving scheme Damaged status Not for loan Home library Current library Shelving location Date acquired Total Checkouts Full call number Barcode Date last seen Copy number Price effective from Koha item type
    Dewey Decimal Classification     London London Journal article 08/03/2006   L132787 132787-1001 06/08/2019 1 06/08/2019 Journal article